000 01043naa a22002897a 4500
001 BR8903035
003 BR-BrBNA
005 20240918180453.0
007 ta
008 230509b bl.||||| |||| 00| 0 por d
040 _aBR-BrBNA
_bpor
_cBiblioteca Nacional de Agricultura
041 _a(Pt)
072 _aF04
_b3830
090 _aF04 BR8903035
100 1 _aLopes, A.S.
100 1 _aGoedert, W.J.
111 1 _aSeminario sobre recuperacao de fosforo
_cSao Paulo, SP (Brazil)
_d19-20 Nov 1987
245 1 _aEficiencia agronomica de fertilizantes fosfatados para culturas anuais, perenes, pastagens e reflorestamento
260 3 _aBrasilia, DF (Brasil):
_c1987.
500 _aSeminario sobre recuperacao de fosforo Brasilia, DF (Brasil): 1987. p. 23-49 (BR8903035-AM)F04
650 _aFERTILIZANTE FOSFATADO
650 _aPLANTA
650 _aRENDIMENTO
773 0 _tSeminario sobre recuperacao de fosforo
_wF04 BR8903035
_gBrasilia, DF (Brasil), 1987. p. 23-49
909 _a202404
_bLucia
_c55
_dLucia Elande
942 _cAM
_2AGRIS
999 _c320542
_d320542